Quelle est la nationalité ? - Amérique du Nord et Centrale - Statistiques

Statistiques générales
  • Ce quiz a été pris 36 fois
  • Le résultat moyen est 13 sur 23
Statistiques - réponses
Hint Réponse % Correct
Canada Canadien / Canadienne
100%
Cuba Cubain / Cubaine
100%
Etats-Unis Américain / Américaine
94%
République dominicaine Dominicain / Dominicaine
94%
Haïti Haïtien / Haïtienne
94%
Mexique Mexicain / Mexicaine
94%
El Salvador Salvadorien / Salvadorienne
79%
Jamaïque Jamaïcain / JamaïcaineJamaïquain / Jamaïquaine
76%
Belize Bélizien / Bélizienne
71%
Grenade Grenadien / Grenadienne
62%
Panama Panaméen / Panaméenne
62%
Guatemala Guatémaltèque
59%
Honduras Hondurien / Hondurienne
56%
Barbade Barbadien / Barbadienne
53%
Bahamas Bahaméen / Bahaméenne
38%
Costa Rica Costaricien / Costaricienne
35%
Nicaragua Nicaraguayen / Nicaraguayenne
32%
Dominique Dominiquais / Dominiquaise
26%
Sainte-Lucie Saint-Lucien / Saint-Lucienne
26%
Antigua-et-Barbuda Antiguayen / Antiguayenne Barbudien / Barbudienne
18%
Saint-Christophe-et-Niévès Christophien / Christophienne Névicien / Névicienne
12%
Trinité-et-Tobago Trinidadien / TrinidadienneTobagonien / Tobagonienne
12%
Saint-Vincent-et-les-Grenadines Vincentais / Vincentaise
9%
Aucun quiz correspondant
Distribution des résultats
% des personnes avec chaque résultat
Percentile par nombre de réponses
Votre historique - résultats
Vous n’avez pas pris ce quiz